00383nam a2200109Ia 4500008004100000020001800041100001600059245013600075250001100211260003700222300001400259180116s9999 xx 000 0 und d a9781119012993 aSimon, Toby cToby L. Simon, Jeffrey McCullough, Edward Snyder, Bjarte G. Solheim, Ronald G. StaussaRossi's Principles of Transfusion Medicine / a5th ed aUKbJohn Wiley & Sons, Ltdc2009 a733 pages